MARC

Tag First Indicator Second Indicator Subfields
LEADER 00000cam a2200000 a 4500
001 in00001407501
005 20151020062210.0
008 970407s1997 oncab b 001 0 eng d
010 |a cn 97930818  
015 |a C97-930818-6 
020 |a 0802042945 (bound) :  |c $49.95 
035 |a (OCoLC)37491488 
035 |9 AHP0948AM 
040 |a CaOTU  |b eng  |c NLC  |d CUY  |d TXA  |d UtOrBLW 
043 |a e-ie--- 
049 |a TXAM 
055 3 |a G1831 G4  |b A84 1997 
055 0 2 |a G1831 
082 0 0 |a 333.76/09415/022  |2 21 
090 |a G1831.G4  |b A84 1997 
245 0 0 |a Atlas of the Irish rural landscape /  |c edited by F.H.A. Aalen, Kevin Whelan and Matthew Stout. 
264 1 |a Toronto :  |b University of Toronto Press,  |c 1997. 
300 |a 352 pages :  |b illustrations, maps ;  |c 31 cm. 
336 |a text  |b txt  |2 rdacontent 
337 |a unmediated  |b n  |2 rdamedia 
338 |a volume  |b nc  |2 rdacarrier 
504 |a Includes bibliographical references and index. 
650 0 |a Landscape changes  |z Ireland  |x Maps. 
650 0 |a Nature  |x Effect of human beings on  |z Ireland  |x Maps. 
650 0 |a Land use, Rural  |z Ireland  |x History  |x Maps. 
651 0 |a Ireland  |x Geography. 
650 6 |a Paysage  |x Modifications  |z Irlande  |x Atlas. 
650 6 |a Homme  |x Influence sur la nature  |z Irlande  |x Atlas. 
650 6 |a Sol, Utilisation agricole du  |z Irlande  |x Histoire  |x Atlas. 
651 6 |a Ireland  |x Géographie. 
700 1 |a Aalen, F. H. A. 
700 1 |a Whelan, Kevin,  |d 1958- 
700 1 |a Stout, Matthew. 
948 |a c:JLG 
999 |a MARS 
999 f f |s f27ae246-409b-3a96-b230-1a012faebfda  |i 8c43929e-398d-3338-8764-156a6c713100  |t 0 
952 f f |p normal  |a Texas A&M University  |b College Station  |c Sterling C. Evans Library  |d Evans: Maps (2nd floor)  |t 0  |e G1831.G4 A84 1997  |h Library of Congress classification  |i unmediated -- volume  |m A14822465401 
998 f f |a G1831.G4 A84 1997  |t 0  |l Evans: Maps (2nd floor)